00737 a2200181 45000010006000000050017000060080041000230030015000640400040000790800058001192450035001772640032002123000018002445050227002620410008004891000029004977000029005263009120260407155612.0260407a1994 arg spa dAR-UNSa-BCEJYS aAR-UNSa-BCEJYSbspacAR-UNSa-BCEJYS a657(083)xResoluciones Técnicas Contables. Informes10aValor patrimonial proporcional 1aBuenos Aires :bReisac1994 a81 p.c28 cm. a1. Fundamentos del método - 2. Normas de aplicación - 3. metodología básica - 4. Incorporación de la inversión - 5. Aplicación del método durante la tenencia - 6. Otros aspectos - 7. Caso práctico Nº 32 aspa1 aSenderovich, Pablo David1 aSenderovich, Isaac Aizik